000 02646nam a2200337 a 4500
001 ebr10575445
003 CaPaEBR
006 m u
007 cr cn|||||||||
008 120411s2012 enkaf sb 001 0 eng d
010 _z 2012014817
020 _z9781444330588 (hardback : alk. paper)
020 _z9781118348062 (e-book)
040 _aCaPaEBR
_cCaPaEBR
035 _a(OCoLC)802056571
050 1 4 _aRC537
_b.D47 2012eb
082 0 4 _a616.85/27
_223
245 0 0 _aDepression in neurologic disorders
_h[electronic resource] :
_bdiagnosis and management /
_cedited by Andres M. Kanner.
250 _a1st ed.
260 _aChichester, West Sussex :
_bJohn Wiley & Sons,
_c2012.
300 _axii, 212 p., [4] p. of col. plates :
_bill. (some col.)
504 _aIncludes bibliographical references and index.
505 0 _aDepression in neurologic disorders : why should neurologists care? / Andres M. Kanner -- Neurobiological aspects of depression : how do they affect neurological disorders? / Hecimovic Hrvoje -- Clinical manifestations of ideopathic depressive disorders / John A. Barry -- Screening instruments for depression in neurologic disorders : their application in the clinic and in research / Andres M. Kanner, Angela Strobel Parsons -- Suicidality in neurologic disorders / Yukari Tadokoro, Andres M. Kanner -- Neuropsychological aspects of depression : their relevance in depression in neurologic disorders / Erica J. Kalkut and Christopher L. Grote -- Depressive disorders in children and adolescents with neurological disorders / Rochelle Caplan -- Basic principles in the management of depression in neurologic disorders / Marco Mula -- Depression and migraine / Joan Roig Llesuy -- Post-stroke depression / Andres M. Kanner -- Depressive disorders in epilepsy / Andres M. Kanner -- Depression and movement disorders / Oliver T�uscher and Ludger Tebartz van Elst -- Depression and multiple sclerosis / Dana J. Serafin, Deborah M. Weisbrot, and Alan B. Ettinger -- Depression and dementia / Pablo Richly, Facundo Manes, and Julissn Bustin -- Depression and traumatic brain injury / S.A. Mensha and M.P. Kerr.
533 _aElectronic reproduction.
_bPalo Alto, Calif. :
_cebrary,
_d2011.
_nAvailable via World Wide Web.
_nAccess may be limited to ebrary affiliated libraries.
650 0 _aDepression, Mental
_xDiagnosis.
650 0 _aDepression, Mental
_xTreatment.
655 7 _aElectronic books.
_2local
700 1 _aKanner, Andres M.
710 2 _aebrary, Inc.
856 4 0 _uhttp://site.ebrary.com/lib/rucke/Doc?id=10575445
_zAn electronic book accessible through the World Wide Web; click to view
999 _c78113
_d78113